| 000 | 00545nam a22001817a 4500 | ||
|---|---|---|---|
| 005 | 20170517112947.0 | ||
| 010 | _aENG-118192 | ||
| 020 |
_a9789384275303 _c995.00 |
||
| 035 | _aEN-101724 | ||
| 037 | _bDBAD/PUB | ||
| 082 | _a306.09545 | ||
| 100 | _aMeena, Santosh | ||
| 245 |
_aCultural development in north east india/ _cby Santosh Meena |
||
| 260 |
_aIndia _bNE BOOKS AND PUBLISHERS _c2017 |
||
| 270 | _aNational Highway Silchar- 788005 Assam, India | ||
| 300 |
_a226p. _c23cm. (Hb) |
||
| 942 |
_2ddc _cEN _h306.09545 _mMEE |
||
| 999 |
_c139992 _d139992 |
||